Os editoriais da revista Educaçao & Filosofia da Universidade Federal de Uberlândia: uma primeira analise (Record no. 601480)

000 -CABECERA
Campo de control de longitud fija 00645nab a2200157Ia 4500
003 - IDENTIFICADOR DEL NÚMERO DE CONTROL
Campo de control ES-SlBCS
005 - FECHA Y HORA DE LA ÚLTIMA TRANSACCIÓN
Campo de control 20210601133739.0
008 - CÓDIGOS DE INFORMACIÓN DE LONGITUD FIJA
Campo de control de longitud fija 140529s2006 xxu||||| |||| 00| 0 por d
041 ## - CÓDIGO DE LENGUA
Código de lengua del texto/banda sonora o título independiente por
100 1# - PUNTO DE ACCESO PRINCIPAL-NOMBRE DE PERSONA
Nombre de persona Loureiro, Maria Dulcinea da Silva
9 (RLIN) 209161
245 00 - MENCIÓN DE TÍTULO
Título Os editoriais da revista Educaçao & Filosofia da Universidade Federal de Uberlândia: uma primeira analise
Mención de responsabilidad, etc. Maria Dulcinea da Silva Loureiro, André Marcio Picanço Favacho
630 04 - PUNTO DE ACCESO ADICIONAL DE MATERIA-TÍTULO UNIFORME
Título uniforme Revista Educaçao e Filosofia
9 (RLIN) 209162
700 1# - PUNTO DE ACCESO ADICIONAL-NOMBRE DE PERSONA
Nombre de persona Picanço Favacho, André Marcio
9 (RLIN) 209163
773 0# - ENLACE AL DOCUMENTO FUENTE
Título Educaçao e Filosofia
Parte(s) relacionada(s) vol. 20, nº. 40, 2006, págs. 111-136
Número de control del registro relacionado Rev1534
942 ## - ENTRADA DE ELEMENTOS AGREGADOS (KOHA)
Koha [por defecto] tipo de item Artículos de revista
Holdings
Suprimido Perdido Estropeado No para préstamo Localización permanente Localización actual Localización en estantería Fecha adquisición Préstamos totales Fecha última consulta Fecha del precio de reemplazo Tipo de item de Koha
        San Esteban San Esteban Depósito de revistas 11/07/2014   11/07/2014 11/07/2014 Artículos de revista

Bibliotecas Dominicos Provincia Hispania, 2016

Con tecnología Koha